000 00527nmm a2200169Ia 4500
008 251105s9999||||xx |||||||||||||||||und||
020 _a9788416421527
041 _aspa
100 _aBuganza, Jacob
245 0 _aEl dinamismo del ser trinitario en la antropología moral de Rosmini
264 _a[Madrid, España] :
_bAnthropos,
_c2017
300 _a144 páginas
490 _aAutores, textos y temas. Filosofía
650 _aPhilosophy, Ethics
856 _uhttps://public.digitaliapublishing.com/a/54631
942 _cCF
999 _c77745
_d77745